000 00455nam a2200181Ia 4500
001 14500
005 20260306164919.0
008 260306t2013||||xx |||||||||||||| ||spa||
041 _aESP
082 _a515.1
_bV47P
100 _aVera Lazáro, Alejandro
_eAUT
245 0 _aCálculo matemático con MATLAB:
_bproblemas resueltos
260 _c2013
300 _a310 páginas :
_c25 cm.
650 _aGEN
654 _aCMA
942 _cLIB
_dJUS
_fJUS
_2ddc
_n
999 _c14500
_d14500